| 000 | 01161cam a2200277 i 4500 | ||
|---|---|---|---|
| 999 |
_c10218 _d10218 |
||
| 001 | 1621921 | ||
| 003 | OCoLC | ||
| 005 | 20241126110727.0 | ||
| 008 | 750815s1975 miua b 001 0deng | ||
| 010 | _a74025348 | ||
| 040 |
_aDLC _beng _cDLC _dBTCTA _dLVB _dCWS _dOCLCO _dHNW _dOCLCA |
||
| 043 | _aa-is--- | ||
| 050 | 0 |
_aBS1305.2 _b.W66 |
|
| 082 |
_a222.3095 _bWOO |
||
| 100 | 1 |
_aWood, Leon James. _926 |
|
| 245 | 1 | 0 |
_aDistressing days of the judges / _cLeon Wood. |
| 260 |
_aGrand Rapids, Mich. : _bZondervan Pub. House, _cc1975. |
||
| 300 |
_a434 p. : _bill. ; _c23 cm. |
||
| 500 | _aIncludes indexes. | ||
| 504 | _aBibliography: p. 404-407. | ||
| 505 | 0 | _aIdentification -- Rationale -- The great potential -- The world of the day -- The oppressing nations -- Conquest blessings -- Sin -- The first three judges -- Deborah and Barak -- Gideon -- Abimelech, Renegade King -- Ruth and five minor judges -- Jephthah -- Samson -- Eli and his times -- Samuel. | |
| 630 | 0 | 0 |
_aBible. _pJudges _xHistory of Biblical events. _917745 |
| 630 | 0 | 0 |
_aBible. _pJoshua _xHistory of Biblical events. _917746 |
| 650 | 0 |
_aJews _xHistory _y1200-953 B.C. _917747 |
|
| 942 |
_2ddc _cBK |
||